| 000 | 01892cam a2200505 4500 | ||
|---|---|---|---|
| 003 | PE-LiUPU | ||
| 005 | 20250731173407.0 | ||
| 008 | 1996 miu b | ||
| 020 | _a0825418895 | ||
| 035 | _a(Sirsi) i9780825418891 | ||
| 035 | _a(Sirsi) 45797 | ||
| 035 | _a(Sirsi) 45797 | ||
| 041 | _aes | ||
| 044 | _aus | ||
| 049 | _aPRUA | ||
| 082 | 0 | 4 |
_a248.844 _bW92 |
| 100 | 1 |
_aWright, H. Norman, _eautor. |
|
| 245 | 1 | 3 |
_aLa otra mujer en su matrimonio : _bcomprenda el impacto de una madre en la vida de su hijo y cómo afecta su matrimonio / _cH. Norman Wright. |
| 264 | 1 |
_aGrand Rapids, Michigan : _bPORTAVOZ, _c1996. |
|
| 300 |
_a221 páginas ; _c21 centímetros |
||
| 504 | _aNotas bibliográficas al final de cada capítulo | ||
| 505 | 0 | _aComprenda a su esposo -- Las madres, los hijos y las nueras -- Los recuerdos de mamá -- La relación padre-hijo -- Comprenda a sus suegros -- El establecimiento de la libertad en el matrimonio -- Guía para hijos adultos y casados -- Como hacer | |
| 526 | _aSEG42 | ||
| 526 | _aSEG41 | ||
| 526 | _aSEG40 | ||
| 526 | _aSEG39 | ||
| 526 | _aP94 | ||
| 526 | _aP87 | ||
| 526 | _aP86 | ||
| 526 | _aP85 | ||
| 526 | _aP77 | ||
| 526 | _aP76 | ||
| 526 | _aP35 | ||
| 650 | 1 | 4 | _aMadres e hijos. |
| 650 | 1 | 4 |
_aPadres e hijos. _92059 |
| 650 | 2 | 4 | _aSuegras. |
| 700 | 1 |
_aQuiñones, Sandra _etr. |
|
| 942 |
_2ddc _cBOOK |
||
| 949 |
_a248.844 W92 _i63324 _lCCODEBUL1 _mBUL _tLIBRO _o.STAFF. Colección Teología |
||
| 859 |
_q63324 _h248.844 _iW92 |
||
| 910 |
_agl _bjv _cng _d20110811 |
||
| 596 | _a1 | ||
| 999 |
_a248.844 W92 _wDEWEY _c52327 _i63324 _d52327 _e2016-11-10 _f2021-11-10 _g5 _lCCODEBUL1 _mBUL _n1 _p13.00 _r0 _sY _tBOOK _u2015-7-6 _xTEOLOGIA _PP35 _0COMPRA _o.STAFF. Colección Teología |
||
| 980 |
_81 _gALBERTO SANCHEZ Responsable de Automatización |
||